[Event "SVK-ch U18 Girls"]
[Site "Dudince"]
[Date "2023.04.17"]
[Round "3"]
[White "Subjakova, Kristina"]
[Black "Nadzamova, Viktoria"]
[Result "0-1"]
[WhiteElo "1642"]
[BlackElo "2042"]
[PlyCount "56"]
[EventDate "2023.04.16"]
[EventType "swiss"]
[EventRounds "9"]
[EventCountry "SVK"]
[SourceTitle "CBM 213 Extra"]
[Source "ChessBase"]
[SourceDate "2023.05.31"]
[SourceVersion "1"]
[SourceVersionDate "2023.05.31"]
[SourceQuality "1"]

1. e4 c5 2. Nf3 e6 3. d4 cxd4 4. Nxd4 Nf6 5. f3 a6 6. a3 Qc7 7. Nc3 b5 8. Be2 Bb7 9. Be3 b4 10. Nb1 d5 11. exd5 Nxd5 12. Bf2 Bd6 13. g3 Nd7 14. axb4 Bxb4+ 15. c3 Bd6 16. Nd2 0-0 17. 0-0 N7f6 18. Nc4 Bc5 19. f4 Ne4 20. Be1 Rad8 21. Qd3 Nb4 22. Qd1 Nc6 23. b4 Ba7 24. b5 Nxd4 25. b6 Bxb6 26. Nxb6 Nf3+ 27. Bxf3 Rxd1 28. Rxd1 Qxb6+ 0-1

[Event "SVK-ch U18 Girls"]
[Site "Dudince"]
[Date "2023.04.16"]
[Round "1"]
[White "Subjakova, Kristina"]
[Black "Rachelova, Diana"]
[Result "1-0"]
[WhiteElo "1642"]
[BlackElo "1139"]
[PlyCount "89"]
[EventDate "2023.04.16"]
[EventType "swiss"]
[EventRounds "9"]
[EventCountry "SVK"]
[SourceTitle "CBM 213 Extra"]
[Source "ChessBase"]
[SourceDate "2023.05.31"]
[SourceVersion "1"]
[SourceVersionDate "2023.05.31"]
[SourceQuality "1"]

1. e4 e6 2. d4 d5 3. exd5 exd5 4. c4 Nf6 5. Nf3 Bf5 6. Nc3 c6 7. Be3 Bb4 8. Qb3 Bxc3+ 9. bxc3 b6 10. cxd5 Nxd5 11. c4 Nxe3 12. Qxe3+ Qe7 13. Qxe7+ Kxe7 14. 0-0-0 Re8 15. Bd3 Bxd3 16. Rhe1+ Kf8 17. Rxe8+ Kxe8 18. Rxd3 Nd7 19. Kd2 f6 20. Kc3 a6 21. Nd2 b5 22. c5 Nf8 23. Re3+ Kf7 24. Ne4 h6 25. Nd6+ Kg6 26. Re7 Rd8 27. Ra7 Nd7 28. Rxa6 Nb8 29. Rb6 h5 30. Rb7 Nd7 31. Rc7 Nb8 32. Rc8 Rxc8 33. Nxc8 Kf5 34. Nd6+ Ke6 35. f3 g6 36. Ne4 Kf5 37. Kb4 Na6+ 38. Ka5 Nb8 39. Kb6 Ke6 40. Kc7 Na6+ 41. Kxc6 Nb4+ 42. Kxb5 Nxa2 43. c6 Ke7 44. d5 f5 45. d6+ 1-0

[Event "EU Union-ch U14"]
[Site "Kouty nad Desnou"]
[Date "2019.08.19"]
[Round "4"]
[White "Rackauskas, Karolis"]
[Black "Subjakova, Kristina"]
[Result "1-0"]
[WhiteElo "1615"]
[BlackElo "1680"]
[PlyCount "81"]
[EventDate "2019.08.16"]
[EventType "swiss"]
[EventRounds "9"]
[EventCountry "CZE"]
[SourceTitle "EXT 2020"]
[Source "ChessBase"]
[SourceDate "2019.10.17"]
[SourceVersion "1"]
[SourceVersionDate "2019.10.17"]
[SourceQuality "1"]

1. e4 c5 2. Nf3 e6 3. d4 cxd4 4. Nxd4 Nc6 5. c4 Qc7 6. Nc3 Bb4 7. Be2 Nf6 8. 0-0 Bxc3 9. bxc3 Nxe4 10. Nb5 Qe5 11. Qd3 0-0 12. Ba3 Rd8 13. Nd6 Nxc3 14. Rae1 Nxe2+ 15. Rxe2 Qd4 16. Qg3 Qf6 17. f4 Nd4 18. Re5 Qxe5 19. fxe5 Ne2+ 20. Kf2 Nxg3 21. Kxg3 f5 22. exf6 gxf6 23. Rxf6 b6 24. Rf7 e5 25. Re7 Ba6 26. Bb2 Rf8 27. Bxe5 Rf1 28. Rg7+ Kf8 29. Rxh7 Rd8 30. h4 b5 31. cxb5 Bxb5 32. Nxb5 Rf5 33. Rh8+ Ke7 34. Bd6+ Ke6 35. Rxd8 Rxb5 36. Bf4 d5 37. h5 d4 38. h6 Rh5 39. Rxd4 a5 40. Rd6+ Ke7 41. Ra6 1-0

[Event "SVK-ch U14 Girls"]
[Site "Liptovsky Mikulas"]
[Date "2019.04.24"]
[Round "3"]
[White "Fajtakova, Silvia"]
[Black "Subjakova, Kristina"]
[Result "0-1"]
[WhiteElo "1481"]
[BlackElo "1686"]
[PlyCount "76"]
[EventDate "2019.04.23"]
[EventType "swiss"]
[EventRounds "9"]
[EventCountry "SVK"]
[SourceTitle "CBM 190 Extra"]
[Source "ChessBase"]
[SourceDate "2019.07.15"]
[SourceVersion "1"]
[SourceVersionDate "2019.07.15"]
[SourceQuality "1"]

1. e4 e5 2. Nf3 Nc6 3. Bb5 a6 4. Bxc6 dxc6 5. d4 f6 6. dxe5 Qxd1+ 7. Kxd1 Bg4 8. Ke2 Bxf3+ 9. Kxf3 fxe5 10. Be3 0-0-0 11. Nc3 Bb4 12. Nb1 Nf6 13. c3 Be7 14. Nd2 Rhf8 15. Ke2 Ng4 16. Nf3 Nxe3 17. Kxe3 Bc5+ 18. Ke2 Rf4 19. Rhe1 Rxe4+ 20. Kf1 Rxe1+ 21. Rxe1 Bd6 22. Nxe5 Bxe5 23. Rxe5 Rd1+ 24. Re1 Rd2 25. Re8+ Kd7 26. Rg8 Rxb2 27. Rxg7+ Kd6 28. Rxh7 Rxa2 29. f4 a5 30. f5 a4 31. f6 a3 32. Rxc7 Ra1+ 33. Kf2 Rf1+ 34. Kxf1 a2 35. f7 a1Q+ 36. Kf2 Qb2+ 37. Kg3 Qxc3+ 38. Kh4 Qf6+ 0-1

[Event "SVK-ch U14 Girls"]
[Site "Liptovsky Mikulas"]
[Date "2019.04.24"]
[Round "2"]
[White "Subjakova, Kristina"]
[Black "Zetocha, Adela"]
[Result "1-0"]
[WhiteElo "1686"]
[BlackElo "1343"]
[PlyCount "55"]
[EventDate "2019.04.23"]
[EventType "swiss"]
[EventRounds "9"]
[EventCountry "SVK"]
[SourceTitle "CBM 190 Extra"]
[Source "ChessBase"]
[SourceDate "2019.07.15"]
[SourceVersion "1"]
[SourceVersionDate "2019.07.15"]
[SourceQuality "1"]

1. e4 e5 2. Nf3 Nc6 3. Bb5 a6 4. Bxc6 dxc6 5. 0-0 Bg4 6. h3 Bh5 7. g4 Bg6 8. Nxe5 Qd6 9. Nxg6 Qxg6 10. d3 0-0-0 11. Qf3 Rd7 12. Qe3 Kb8 13. Nd2 b5 14. a4 Kb7 15. Nf3 f6 16. axb5 cxb5 17. e5 h5 18. Nh4 Qe8 19. Qe4+ c6 20. Ng6 Rh6 21. Bxh6 Nxh6 22. e6 Rc7 23. Ra2 Kb6 24. Rfa1 Ra7 25. Nxf8 Qxf8 26. e7 Qe8 27. Qd4+ Kb7 28. Qd8 1-0

[Event "EU Union-ch U14"]
[Site "Kouty nad Desnou"]
[Date "2018.08.12"]
[Round "6"]
[White "Subjakova, Kristina"]
[Black "Mierins, Emils Janis"]
[Result "1/2-1/2"]
[WhiteElo "1616"]
[BlackElo "1326"]
[PlyCount "128"]
[EventDate "2018.08.07"]
[EventType "swiss"]
[EventRounds "9"]
[EventCountry "CZE"]
[SourceTitle "CBM 186 Extra"]
[Source "ChessBase"]
[SourceDate "2018.08.24"]
[SourceVersion "1"]
[SourceVersionDate "2018.08.24"]
[SourceQuality "1"]

1. e4 c5 2. Nc3 e6 3. Nge2 Nc6 4. Ng3 a6 5. d3 d5 6. f4 d4 7. Nce2 h5 8. Ng1 e5 9. f5 h4 10. N3e2 g6 11. g4 hxg3 12. Nxg3 gxf5 13. exf5 Nh6 14. Qh5 Bg7 15. Qf3 Qf6 16. Ne4 Qh4+ 17. Qf2 Qxf2+ 18. Kxf2 Nxf5 19. Nxc5 Nd6 20. Bd2 b6 21. Bg2 Bd7 22. Nxd7 Kxd7 23. Re1 f6 24. Ne2 Bh6 25. Bxh6 Rxh6 26. Ng3 Rah8 27. Bxc6+ Kxc6 28. Kg2 Rg6 29. Kf3 Rgh6 30. Re2 Rh3 31. Kg2 Kd5 32. Rf2 Ke6 33. c3 dxc3 34. bxc3 f5 35. Rb2 b5 36. Rd2 f4 37. Nf1 e4 38. dxe4 Rxc3 39. Rd4 Ra3 40. h4 Rxa2+ 41. Kf3 Nc4 42. Kxf4 Rg8 43. Rh2 Ra3 44. Nd2 Nxd2 45. Rhxd2 Rf8+ 46. Kg4 Ke5 47. h5 Rg8+ 48. Kh4 Rf3 49. Rd5+ Kf4 50. Rf5+ Kxe4 51. Rxf3 Kxf3 52. h6 Kf4 53. Rf2+ Ke3 54. Rf6 Kd4 55. Rxa6 b4 56. Rb6 Kc3 57. Kh5 b3 58. h7 Rh8 59. Kh6 b2 60. Rc6+ Kd2 61. Rb6 Kc2 62. Kg7 Rxh7+ 63. Kxh7 b1Q 64. Rxb1 Kxb1 1/2-1/2

[Event "EU Union-ch U14"]
[Site "Kouty nad Desnou"]
[Date "2018.08.11"]
[Round "5"]
[White "Reuter, Elisa"]
[Black "Subjakova, Kristina"]
[Result "1-0"]
[WhiteElo "1848"]
[BlackElo "1616"]
[PlyCount "113"]
[EventDate "2018.08.07"]
[EventType "swiss"]
[EventRounds "9"]
[EventCountry "CZE"]
[SourceTitle "CBM 186 Extra"]
[Source "ChessBase"]
[SourceDate "2018.08.24"]
[SourceVersion "1"]
[SourceVersionDate "2018.08.24"]
[SourceQuality "1"]

1. e4 e6 2. d4 d5 3. Nc3 Nf6 4. Bg5 Bb4 5. e5 h6 6. Bd2 Nfd7 7. Qg4 g6 8. a3 Be7 9. Nce2 c5 10. c3 Nc6 11. b4 c4 12. Nf4 h5 13. Qf3 b5 14. a4 bxa4 15. Bxc4 Nb6 16. Bd3 a5 17. b5 Na7 18. Nge2 Bd7 19. Nxg6 Rg8 20. Nxe7 Qxe7 21. h4 Bxb5 22. Bg5 Qc7 23. Bxb5+ Nxb5 24. 0-0 Nd7 25. Rfb1 Qc4 26. Rc1 a3 27. Nf4 Rc8 28. Qe2 Qxe2 29. Nxe2 f6 30. exf6 Kf7 31. Rab1 Rb8 32. Bf4 Rb7 33. Ra1 Kxf6 34. c4 dxc4 35. Rxc4 Nb6 36. Rc5 Nd5 37. Bc1 Ra8 38. Bxa3 Nxa3 39. Rxa3 a4 40. Rc4 Rb4 41. Rxb4 Nxb4 42. Nc3 Nc2 43. Rxa4 Rxa4 44. Nxa4 Nxd4 45. Nc3 Kf5 46. g3 e5 47. Kg2 e4 48. Nd5 Ne6 49. Ne3+ Kg6 50. Kh3 Nc5 51. Kg2 Nd3 52. Kf1 Kf6 53. Ke2 Ke5 54. Ng2 Kf5 55. Ke3 Kg4 56. Nf4 Nxf4 57. gxf4 1-0

[Event "EU Union-ch U14"]
[Site "Kouty nad Desnou"]
[Date "2018.08.09"]
[Round "3"]
[White "Subjakova, Kristina"]
[Black "Schnabel, Luise"]
[Result "1-0"]
[WhiteElo "1616"]
[BlackElo "1772"]
[PlyCount "92"]
[EventDate "2018.08.07"]
[EventType "swiss"]
[EventRounds "9"]
[EventCountry "CZE"]
[SourceTitle "CBM 186 Extra"]
[Source "ChessBase"]
[SourceDate "2018.08.24"]
[SourceVersion "1"]
[SourceVersionDate "2018.08.24"]
[SourceQuality "1"]

1. e4 Nf6 2. e5 Nd5 3. c4 Nb6 4. d4 d6 5. f4 dxe5 6. fxe5 e6 7. Nf3 c5 8. Bg5 Be7 9. Bxe7 Qxe7 10. d5 exd5 11. cxd5 Bg4 12. Bb5+ N8d7 13. 0-0 0-0 14. d6 Qe6 15. Bxd7 Nxd7 16. Ng5 Bxd1 17. Nxe6 fxe6 18. Rxd1 Rf5 19. Nc3 Rxe5 20. Re1 Rxe1+ 21. Rxe1 e5 22. Kf2 Kf7 23. Ke3 Ke6 24. Nb5 Rd8 25. Rd1 Nf6 26. Nc7+ Kd7 27. h3 Kc6 28. Ne6 Rd7 29. Rc1 b6 30. Rd1 Nd5+ 31. Ke4 Nf4 32. Kxe5 Ng6+ 33. Ke4 Rxd6 34. Rxd6+ Kxd6 35. Nxg7 Ne7 36. Nf5+ Nxf5 37. Kxf5 c4 38. Ke4 b5 39. Kd4 a6 40. g4 Ke6 41. a3 h6 42. h4 Kf6 43. Kc5 Ke5 44. g5 hxg5 45. hxg5 Kf5 46. Kb6 Kxg5 1-0

[Event "EU Union-ch U12"]
[Site "Kouty nad Desnou"]
[Date "2017.08.27"]
[Round "9"]
[White "Sustek, Adam"]
[Black "Subjakova, Kristina"]
[Result "1-0"]
[WhiteElo "1442"]
[BlackElo "1504"]
[PlyCount "111"]
[EventDate "2017.08.19"]
[EventType "swiss"]
[EventRounds "9"]
[EventCountry "CZE"]
[SourceTitle "CBM 180 Extra"]
[Source "ChessBase"]
[SourceDate "2017.10.06"]
[SourceVersion "1"]
[SourceVersionDate "2017.10.06"]
[SourceQuality "1"]

1. e4 e5 2. Nf3 Nc6 3. Bc4 Be7 4. d4 d6 5. dxe5 dxe5 6. Qxd8+ Bxd8 7. Nc3 Nf6 8. Be3 Be7 9. 0-0 Bg4 10. Nd2 a6 11. f3 Bd7 12. Nb3 0-0 13. Bg5 Ne8 14. Bxe7 Nxe7 15. Nd5 Nxd5 16. Bxd5 c6 17. Nc5 Bc8 18. Bb3 b6 19. Nd3 b5 20. Nxe5 c5 21. Bd5 Ra7 22. Rad1 Nf6 23. Rfe1 c4 24. Kf2 g6 25. Re2 g5 26. Red2 g4 27. Bc6 Rc7 28. Bd7 Bxd7 29. Nxd7 Nxd7 30. Rxd7 Rxd7 31. Rxd7 gxf3 32. gxf3 Ra8 33. Ke3 Kg7 34. f4 Kf6 35. f5 Rg8 36. Rd6+ Ke5 37. Rxa6 Rg4 38. Ra5 Rxe4+ 39. Kf3 Rf4+ 40. Kg3 Kxf5 41. Rxb5+ Ke4 42. Rc5 Ke3 43. Re5+ Re4 44. Rxe4+ Kxe4 45. a4 Ke3 46. Kg4 Ke4 47. a5 f5+ 48. Kg5 f4 49. a6 f3 50. a7 f2 51. a8Q+ Ke3 52. Qf8 Ke2 53. b4 cxb3 54. cxb3 f1Q 55. Qxf1+ Kxf1 56. b4 1-0

[Event "EU Union-ch U12"]
[Site "Kouty nad Desnou"]
[Date "2017.08.25"]
[Round "7"]
[White "Smirnova, Jekaterina"]
[Black "Subjakova, Kristina"]
[Result "0-1"]
[WhiteElo "1149"]
[BlackElo "1504"]
[PlyCount "90"]
[EventDate "2017.08.19"]
[EventType "swiss"]
[EventRounds "9"]
[EventCountry "CZE"]
[SourceTitle "CBM 180 Extra"]
[Source "ChessBase"]
[SourceDate "2017.10.06"]
[SourceVersion "1"]
[SourceVersionDate "2017.10.06"]
[SourceQuality "1"]

1. d4 Nf6 2. c4 c5 3. d5 e6 4. Nc3 g6 5. Nf3 Bg7 6. e4 exd5 7. cxd5 d6 8. Bd3 0-0 9. 0-0 Bg4 10. h3 Bxf3 11. Qxf3 Nbd7 12. Bf4 Qe7 13. Qe3 Nh5 14. Bg5 f6 15. Bh6 Bxh6 16. Qxh6 Ne5 17. Qe3 g5 18. Ne2 c4 19. Bc2 b5 20. f4 gxf4 21. Nxf4 Nxf4 22. Qxf4 Qg7 23. Rae1 Kh8 24. Re3 a5 25. b3 Qa7 26. Kh1 Qd4 27. bxc4 Nxc4 28. Rb3 Qd2 29. Rf2 Qxf4 30. Rxf4 b4 31. Bd3 Rac8 32. Bxc4 Rxc4 33. Kg1 h6 34. Rbf3 Kg7 35. Rg4+ Kf7 36. Rh4 Ke7 37. Rxh6 Rxe4 38. Rh7+ Rf7 39. Rxf7+ Kxf7 40. Rd3 f5 41. Kf2 Kf6 42. a3 Ke5 43. Kf3 Rd4 44. Rxd4 Kxd4 45. axb4 axb4 0-1

[Event "EU Union-ch U12"]
[Site "Kouty nad Desnou"]
[Date "2017.08.24"]
[Round "6"]
[White "Subjakova, Kristina"]
[Black "Nespora, Tatana"]
[Result "0-1"]
[WhiteElo "1504"]
[BlackElo "1154"]
[PlyCount "84"]
[EventDate "2017.08.19"]
[EventType "swiss"]
[EventRounds "9"]
[EventCountry "CZE"]
[SourceTitle "CBM 180 Extra"]
[Source "ChessBase"]
[SourceDate "2017.10.06"]
[SourceVersion "1"]
[SourceVersionDate "2017.10.06"]
[SourceQuality "1"]

1. e4 c5 2. Nf3 e6 3. d4 cxd4 4. Nxd4 Nf6 5. Nc3 d6 6. Be3 Be7 7. Be2 0-0 8. 0-0 a6 9. f4 Nfd7 10. Bc4 Nc5 11. b4 Nxe4 12. Nxe4 d5 13. Bxd5 Qxd5 14. Nc3 Qd7 15. a3 b5 16. Nf3 Qc6 17. Bd4 Rd8 18. Ne5 Qc7 19. Qd3 Nc6 20. Qe4 Nxd4 21. Qxa8 Qxc3 22. Qe4 Qc7 23. Ra2 Bb7 24. Qe1 Nxc2 25. Qf2 Nd4 26. Rd2 Nf5 27. Rxd8+ Qxd8 28. Qa7 Qc8 29. g4 Nh4 30. Rd1 f6 31. Nd3 Nf3+ 32. Kf1 Nxh2+ 33. Kg1 Nxg4 34. Rc1 Qd7 35. Qb8+ Kf7 36. Rc7 Qd4+ 37. Kf1 Qxd3+ 38. Ke1 Bf3 39. Rxe7+ Kxe7 40. Qc7+ Qd7 41. Qxd7+ Kxd7 42. Kd2 h5 0-1

[Event "Ruzomberok Montana op"]
[Site "Ruzomberok"]
[Date "2017.06.03"]
[Round "8"]
[White "Subjakova, Kristina"]
[Black "Koren, Juraj"]
[Result "1/2-1/2"]
[WhiteElo "1534"]
[BlackElo "1454"]
[PlyCount "78"]
[EventDate "2017.05.28"]
[EventType "swiss"]
[EventRounds "9"]
[EventCountry "SVK"]
[SourceTitle "EXT 2018"]
[Source "ChessBase"]
[SourceDate "2017.10.13"]
[SourceVersion "1"]
[SourceVersionDate "2017.10.13"]
[SourceQuality "1"]

1. e4 d5 2. exd5 Nf6 3. d4 Nxd5 4. Nf3 Bf5 5. a3 e6 6. c4 Nb6 7. Nc3 c6 8. Bf4 N8d7 9. b4 Be7 10. Be2 0-0 11. 0-0 Nf6 12. Ne5 Nbd7 13. Bf3 Nxe5 14. Bxe5 Nd7 15. Bg3 Nb6 16. c5 Nd7 17. b5 Qa5 18. bxc6 bxc6 19. Bxc6 Rad8 20. Nb5 Nxc5 21. Bc7 Qa6 22. Bxd8 Rxd8 23. Qf3 Rc8 24. dxc5 Rxc6 25. Nd4 Rxc5 26. Nxf5 Rxf5 27. Qa8+ Bf8 28. Rac1 g6 29. Rc8 Qxa3 30. Rc7 Kg7 31. Rxa7 Qb2 32. Ra2 Qb3 33. Qa4 Qb6 34. Qc4 Bc5 35. Qc3+ e5 36. g4 Bd4 37. Qd2 Rf4 38. h3 Qe6 39. Kg2 Rxg4+ 1/2-1/2

[Event "Ruzomberok Montana op"]
[Site "Ruzomberok"]
[Date "2017.06.02"]
[Round "6"]
[White "Subjakova, Kristina"]
[Black "Nahalka, Jan"]
[Result "0-1"]
[WhiteElo "1534"]
[BlackElo "1799"]
[PlyCount "58"]
[EventDate "2017.05.28"]
[EventType "swiss"]
[EventRounds "9"]
[EventCountry "SVK"]
[SourceTitle "EXT 2018"]
[Source "ChessBase"]
[SourceDate "2017.10.13"]
[SourceVersion "1"]
[SourceVersionDate "2017.10.13"]
[SourceQuality "1"]

1. e4 e5 2. Nf3 Nc6 3. d4 exd4 4. Nxd4 Nf6 5. Nxc6 bxc6 6. e5 Qe7 7. Qe2 Nd5 8. c4 Nb6 9. Nc3 d6 10. exd6 cxd6 11. Qxe7+ Bxe7 12. Bf4 Be6 13. b3 0-0 14. 0-0-0 d5 15. cxd5 cxd5 16. Bc7 Rfc8 17. Bxb6 axb6 18. Kb2 Ba3+ 19. Kc2 Bb4 20. Rd4 Bxc3 21. Ra4 Rxa4 22. bxa4 d4 23. a3 Be1+ 24. Kd3 Bxf2 25. Be2 Bf5+ 26. Kd2 Be3+ 27. Ke1 Rc1+ 28. Bd1 Bg4 29. h3 Rxd1# 0-1